Success in law (Record no. 80799)

MARC details
000 -LEADER
fixed length control field 01191nam a2200229 a 4500
008 - FIXED-LENGTH DATA ELEMENTS--GENERAL INFORMATION
fixed length control field 120416s2001 ||||||||||||||||| || u
020 ## - INTERNATIONAL STANDARD BOOK NUMBER
International Standard Book Number 0719572118
050 ## - LIBRARY OF CONGRESS CALL NUMBER
Classification number KD 20 Bru
100 ## - MAIN ENTRY--PERSONAL NAME
Personal name Bruce, Richard H
245 10 - TITLE STATEMENT
Title Success in law
250 ## - EDITION STATEMENT
Edition statement 5th ed.
260 ## - PUBLICATION, DISTRIBUTION, ETC.
Place of publication, distribution, etc. London
Name of publisher, distributor, etc. John Murray
Date of publication, distribution, etc. 2001
300 ## - PHYSICAL DESCRIPTION
Extent vi, 520p : ill.
350 ## -
-- 0.00
650 ## - SUBJECT ADDED ENTRY--TOPICAL TERM
Topical term or geographic name entry element LAW
650 ## - SUBJECT ADDED ENTRY--TOPICAL TERM
Topical term or geographic name entry element LAW--GREAT BRITAIN
995 ## -
-- BINDERY (DAMAGED)
-- 0.00
-- 735805
-- CBU-MAIN LIBRARY (Kitwe)
-- 5
-- 13.95
-- KD 20 Bru
-- 5
-- DAMAGED
-- 48560
-- Main Library Open Access Collection
995 ## -
-- BINDERY (DAMAGED)
-- 0.00
-- 735804
-- CBU-MAIN LIBRARY (Kitwe)
-- 3
-- 13.95
-- KD 20 Bru
-- 3
-- DAMAGED
-- Apr 26, 2006
-- 48558
-- Main Library Open Access Collection
995 ## -
-- BINDERY (DAMAGED)
-- 0.00
-- 735802
-- CBU-MAIN LIBRARY (Kitwe)
-- 2
-- 13.95
-- KD 20 Bru
-- 2
-- DAMAGED
-- Apr 25, 2006
-- 48541
-- Main Library Open Access Collection
995 ## -
-- MAIN LIBRARY OPEN ACCESS
-- 0.00
-- 735801
-- CBU-MAIN LIBRARY (Kitwe)
-- 1
-- 13.95
-- KD 20 Bru
-- 1
-- AVAILABLE
-- 48542
-- Main Library Open Access Collection
995 ## -
-- BINDERY (DAMAGED)
-- 0.00
-- 735803
-- CBU-MAIN LIBRARY (Kitwe)
-- 4
-- 13.95
-- KD 20 Bru
-- 4
-- DAMAGED
-- 48556
-- Main Library Open Access Collection
999 ## -
-- 80799
-- 80799
Holdings
Withdrawn status Lost status Source of classification or shelving scheme Damaged status Not for loan Permanent Location Current Location Shelving location Date acquired Total Checkouts Full call number Barcode Date last seen Copy number Price effective from Koha item type
          CBU-MAIN LIBRARY, KITWE. CBU-MAIN LIBRARY, KITWE.   07/11/2023   KD 20 Bru 48560 07/11/2023 1 07/11/2023 MONOGRAPH
          CBU-MAIN LIBRARY, KITWE. CBU-MAIN LIBRARY, KITWE.   07/11/2023   KD 20 Bru 48558 07/11/2023 2 07/11/2023 MONOGRAPH
          CBU-MAIN LIBRARY, KITWE. CBU-MAIN LIBRARY, KITWE.   07/11/2023   KD 20 Bru 48541 07/11/2023 3 07/11/2023 MONOGRAPH
          CBU-MAIN LIBRARY, KITWE. CBU-MAIN LIBRARY, KITWE.   07/11/2023   KD 20 Bru 48542 07/11/2023 4 07/11/2023 MONOGRAPH
          CBU-MAIN LIBRARY, KITWE. CBU-MAIN LIBRARY, KITWE.   07/11/2023   KD 20 Bru 48556 07/11/2023 5 07/11/2023 MONOGRAPH